Normal view
MARC view
- SEBRANEK,PATRIC
Entry Personal Name
001 - CONTROL NUMBER
- control field: 132708
003 - CONTROL NUMBER IDENTIFIER
- control field: NUST
005 - DATE AND TIME OF LATEST TRANSACTION
- control field: 20260105123211.0
008 - FIXED-LENGTH DATA ELEMENTS
- fixed length control field: 260105|| aca||aabn | a|a d
040 ## - CATALOGING SOURCE
- Original cataloging agency: NUST
- Transcribing agency: NUST
100 ## - HEADING--PERSONAL NAME
- Personal name: SEBRANEK,PATRIC
670 ## - SOURCE DATA FOUND
- Source citation: Work cat.: (NUST): SEBRANEK,PATRIC., WRITE SOURCE 2000 A GUIDE TO WRITING,THINKING,AND LEARNING /, 372.623
